Medical microbiology / (Record no. 136601)
[ view plain ]
| 000 -LEADER | |
|---|---|
| fixed length control field | 00752nam a2200241 4500 |
| 010 ## - LIBRARY OF CONGRESS CONTROL NUMBER | |
| LC control number | B-045710 |
| 020 ## - INTERNATIONAL STANDARD BOOK NUMBER | |
| International Standard Book Number | 0443011370 |
| 035 ## - SYSTEM CONTROL NUMBER | |
| System control number | B-045710 |
| 037 ## - SOURCE OF ACQUISITION | |
| Source of stock number/acquisition | Cen Lib / Ret |
| 040 ## - CATALOGING SOURCE | |
| Original cataloging agency | DPL |
| Language of cataloging | EN |
| 082 ## - DEWEY DECIMAL CLASSIFICATION NUMBER | |
| Classification number | 616.0756 |
| Item number | CRU |
| 100 ## - MAIN ENTRY--PERSONAL NAME | |
| Personal name | Cruickshank, Robert |
| 245 ## - TITLE STATEMENT | |
| Title | Medical microbiology / |
| Statement of responsibility, etc | by Robert Cruickshank |
| 250 ## - EDITION STATEMENT | |
| Edition statement | 10th ed |
| 260 ## - PUBLICATION, DISTRIBUTION, ETC. (IMPRINT) | |
| Place of publication, distribution, etc | Edinburgh |
| Name of publisher, distributor, etc | Churchill Livingstone |
| Date of publication, distribution, etc | 1974 |
| 270 ## - ADDRESS | |
| Address | Churchill Livingstone |
| City | Edinburgh |
| 300 ## - PHYSICAL DESCRIPTION | |
| Extent | (v 1. xii,667) |
| Other physical details | 24cm(Hb) |
| 505 ## - FORMATTED CONTENTS NOTE | |
| Formatted contents note | v. 1. A guide to the laboratory diagnosis and control of infection |
| 650 ## - SUBJECT ADDED ENTRY--TOPICAL TERM | |
| Topical term or geographic name as entry element | Medical microbiology. |
| 650 ## - SUBJECT ADDED ENTRY--TOPICAL TERM | |
| Topical term or geographic name as entry element | Laboratory Techniques and Procedures. |
| 650 ## - SUBJECT ADDED ENTRY--TOPICAL TERM | |
| Topical term or geographic name as entry element | Microbiology. |
| 942 ## - ADDED ENTRY ELEMENTS (KOHA) | |
| Source of classification or shelving scheme | Dewey Decimal Classification |
| Koha item type | English Books |
| Classification part | 616.0756 |
| Call number suffix | CRU |
| Withdrawn status | Lost status | Materials specified (bound volume or other part) | Damaged status | Not for loan | Home library | Current library | Date acquired | Source of acquisition | Total Checkouts | Total Renewals | Full call number | Barcode | Date last seen | Date checked out | Copy number | Price effective from | Koha item type |
|---|---|---|---|---|---|---|---|---|---|---|---|---|---|---|---|---|---|
| v 1 | Central Library | Central Library | 05/03/2016 | Cen Lib/Ret | 9 | 4 | 616.0756 CRU | B-045710 | 20/05/2022 | 06/05/2022 | 1 | 05/03/2016 | English Books |
